000 01139nam a2200253 i 4500
003 DO-SdBNP
005 20240404093624.0
006 a||||gr|||| 00| 0
007 ta
008 230720e1986 dr a|||| |||| 00| 0 spa d
040 _aDO-SdBNP
_bspa
_cBNPHU
_erda
082 4 _222
_a304.6097293
_bR426c, 1985
110 _4República Dominicana
_bSecretariado Técnico de la Presidencia
_bOficina Nacional de Estadística
_983811
245 1 0 _aCenso nacional de población y vivienda 1981:
_bresultados definitivos Distrito Nacional. /
264 1 _aSanto Domingo :
_bCONAPOFA,,
_c1986
300 _a427, 6 páginas :
_bIlustraciones, gráficas ;
_c27 cm
336 _2rdacontent
_atexto
_btxt
337 _2rdamedia
_asin medición
_bn
338 _2rdacarrier
_avolumen
_bnc
505 _aPresentación.-- Distrito Nacional.
_tI. Aspectos Operacionales y metodológicos.--
_t II. Información de Población.--
_t III. Información de Hogares.--
_t IV. Información de Vivienda.--
_tV. Anexo.--
_tCuadro.
590 _aInventariado 2023 / MF
710 2 _aConsejo Nacional de Población y Familia (República Dominicana)
_96985
942 _2ddc
_cLBS1
999 _c54226
_d54226